|
|
|
|
| LEADER |
01386cam a2200349Ia 4500 |
| 001 |
9780203085073 |
| 003 |
FlBoTFG |
| 005 |
20091230162920.0 |
| 006 |
a|||||s||||||||||| |
| 007 |
cr|||| |
| 008 |
931103s1994 enk sb 101 0 eng d |
| 020 |
|
|
|a 9780203085073 (e-book : PDF)
|
| 040 |
|
|
|a FlBoTFG
|c FlBoTFG
|d GrThAP
|
| 043 |
|
|
|a e-gr---
|
| 090 |
|
|
|a PA3009
|b .S48 1994
|
| 092 |
|
|
|a 880.932389
|b S524
|
| 245 |
0 |
4 |
|a The Shadow of Sparta
|h [electronic resource] /
|c edited by Anton Powell and Stephen Hodkinson.
|
| 260 |
|
|
|a London ;
|a New York :
|b Routledge for The Classical Press of Wales,
|c 1994.
|
| 300 |
|
|
|a vii, 408 p.
|
| 500 |
|
|
|a "Began as a colloquium held March 1991 at the University of Cardiff"--P. vii.
|
| 504 |
|
|
|a Includes bibliographical references and index.
|
| 530 |
|
|
|a Also available in print edition.
|b CRC Press (http://www.crcpress.com)
|
| 538 |
|
|
|a Mode of access: World Wide Web.
|
| 650 |
|
0 |
|a Greek literature
|x History and criticism
|v Congresses.
|
| 650 |
|
0 |
|a Literature and history
|z Greece
|x History
|v Congresses.
|
| 650 |
|
0 |
|a Cities and towns in literature
|v Congresses.
|
| 651 |
|
0 |
|a Sparta (Extinct city)
|x In literature
|v Congresses.
|
| 655 |
|
7 |
|a Electronic books.
|2 lcsh
|
| 700 |
1 |
|
|a Powell, Anton.
|
| 700 |
1 |
|
|a Hodkinson, Stephen.
|
| 776 |
1 |
|
|z 9780415104135
|
| 856 |
4 |
0 |
|u http://www.tandfebooks.com/isbn/9780203085073
|z Full Text via HEAL-Link
|